00771nam a22002177a 450000500170000001000150001702000260003203500140005803700090007208200110008110000310009224500530012325000060017626000460018227000760022830000210030450000180032594200220034399900190036595201690038420250709150250.0 aENG-145885 c595.00a9789364682848 aEN-129417 bDBAD a54021 aMukherjee, Kantimoy982869 aRapid Revision in Chemistry/bKantimoy Mukherjee a1 aNew DelhibEurasia Publishing Housec2025 aA-27, 2nd Floor, Mohan Co-Opertive Industrial EstatebNew Delhie110044 a489p. c27cm(pb) aFor Class XII 2ddccENh540mMUK c212287d212287 001040708NFICaZLSbZLSd2025-07-09eDelivery of Books Act Divisiong595.00l3m1o540 MUKpEN-129417r2026-04-01 00:00:00s2026-03-16t1v595.00w2025-07-09yEN